Statistiques concernant Personnages célèbres - Série 17

Cliquez ici pour prendre le quiz!

Statistiques générales

  • Ce quiz a été pris 255 fois
  • Le résultat moyen est 8 sur 15

Statistiques - réponses

Réponse% Correct
Nikos Aliagas
90%
Jean Pierre Foucault
86%
Margaret Thatcher
81%
Jean Pierre Castaldi
79%
Thierry Ardisson
78%
Jean Pierre Coffe
67%
Guy Bedos
63%
Jane Birkin
58%
Françoise Hardy
55%
Anny Duperey
49%
Richard Bohringer
43%
Sabine Azéma
40%
Serge Blanco
27%
Dean Martin
14%
Marlène Jobert
13%

Distribution des résultats

Percentile par nombre de réponses

% des personnes avec chaque résultat

Votre développement - résultats

Vous n’avez pas pris ce quiz